The industrial evolution of india in recent times 1860 - 1939 (Record no. 14012)
[ view plain ]
| 000 -LEADER | |
|---|---|
| fixed length control field | 00326nam a22001217a 4500 |
| 082 ## - DEWEY DECIMAL CLASSIFICATION NUMBER | |
| Classification number | 338.0954 GAD |
| 100 ## - MAIN ENTRY--PERSONAL NAME | |
| Personal name | Gadgil, D R. |
| 245 ## - TITLE STATEMENT | |
| Title | The industrial evolution of india in recent times 1860 - 1939 |
| 260 ## - PUBLICATION, DISTRIBUTION, ETC. | |
| Place of publication, distribution, etc. | Delhi |
| Name of publisher, distributor, etc. | Oxford university |
| Date of publication, distribution, etc. | 1971 |
| 300 ## - PHYSICAL DESCRIPTION | |
| Extent | vi, 362p. |
| Other physical details | ill, 23cm. |
| 500 ## - GENERAL NOTE | |
| General note | Include index |
| 942 ## - ADDED ENTRY ELEMENTS (KOHA) | |
| Koha item type | Books |
| Withdrawn status | Lost status | Source of classification or shelving scheme | Damaged status | Not for loan | Home library | Current library | Shelving location | Date acquired | Full call number | Barcode | Date last seen | Price effective from | Koha item type |
|---|---|---|---|---|---|---|---|---|---|---|---|---|---|
| Dewey Decimal Classification | IFM Main Campus Library | IFM Main Campus Library | 11/13/2015 | 338.0954 GAD | 0000005769 | 11/13/2015 | 11/13/2015 | Books |
